|
|
|
|
| LEADER |
00000nam0a2200000 4500 |
| 001 |
25925 |
| 005 |
20231030201232.0 |
| 010 |
|
|
|a 524702219X
|
| 035 |
|
|
|a (RuTPU)RU\TPU\book\26163
|
| 035 |
|
|
|a BOOK00000079
|
| 090 |
|
|
|a 25925
|
| 100 |
|
|
|a 20011209d1993 k y0rusy50 ca
|
| 101 |
0 |
|
|a rus
|
| 102 |
|
|
|a RU
|
| 105 |
|
|
|a a g 001zy
|
| 200 |
1 |
|
|a Проектирование и строительство подземных сооружений большого сечения
|e Справочник
|f В. М. Мостков, Н. В. Дмитриев, Ю. П. Рахманинов
|
| 210 |
|
|
|a Москва
|c Недра
|d 1993
|
| 215 |
|
|
|a 318 с.
|c ил.
|
| 320 |
|
|
|a Библиогр.: с. 305-307 (50 назв.).
|
| 610 |
1 |
|
|a подземные сооружения
|
| 610 |
1 |
|
|a проектирование
|
| 610 |
1 |
|
|a строительство
|
| 610 |
1 |
|
|a большое сечение
|
| 610 |
1 |
|
|a конструкции
|
| 610 |
1 |
|
|a расчет
|
| 610 |
1 |
|
|a справочники
|
| 675 |
|
|
|a 624.1(03)
|v 3
|
| 700 |
|
1 |
|a Мостков
|b В. М.
|g Владимир Михайлович
|
| 701 |
|
1 |
|a Дмитриев
|b Н. В.
|g Николай Владимирович
|
| 701 |
|
1 |
|a Рахманинов
|b Ю. П.
|g Юрий Павлович
|
| 801 |
|
0 |
|a RU
|b 63413507
|c 20011209
|g PSBO
|
| 801 |
|
2 |
|a RU
|b 63413507
|c 20090713
|g PSBO
|
| 942 |
|
|
|c BK
|